Normal view
MARC view
- نظم المعلومات الادارية -ادارة
Entry Topical Term
001 - CONTROL NUMBER
- control field: 29899
003 - CONTROL NUMBER IDENTIFIER
- control field: JO-AjAnu
005 - DATE AND TIME OF LATEST TRANSACTION
- control field: 20230606075041.0
008 - FIXED-LENGTH DATA ELEMENTS
- fixed length control field: 230606|| aca||aabn | a|a d
040 ## - CATALOGING SOURCE
- Original cataloging agency: JO-AjAnu
- Transcribing agency: JO-AjAnu
150 ## - HEADING--TOPICAL TERM
- Topical term or geographic name entry element: نظم المعلومات الادارية -ادارة
670 ## - SOURCE DATA FOUND
- Source citation: Work cat.: (JO-AjAnu)15353: العمري،غسان عيسى/م مشارك:سلوى امين السامرائي, author 29898, نظم المعلومات الاستراتيجية :مدخل استراتيجي معاصر